The voice of heart / (Record no. 133485)

MARC details
000 -LEADER
fixed length control field 00693nam a22002297a 4500
005 - DATE AND TIME OF LATEST TRANSACTION
control field 20170124110210.0
010 ## - LIBRARY OF CONGRESS CONTROL NUMBER
LC control number B-163366
020 ## - INTERNATIONAL STANDARD BOOK NUMBER
Terms of availability 495.00
International Standard Book Number 9788172234751
035 ## - SYSTEM CONTROL NUMBER
System control number B-163366
037 ## - SOURCE OF ACQUISITION
Source of stock number/acquisition Cen Lib/Ret
040 ## - CATALOGING SOURCE
Original cataloging agency DPL
Language of cataloging EN
082 ## - DEWEY DECIMAL CLASSIFICATION NUMBER
Classification number 921
Item number SAR
100 ## - MAIN ENTRY--PERSONAL NAME
Personal name Sarabhai, Mrinalini
9 (RLIN) 38068
245 ## - TITLE STATEMENT
Title The voice of heart /
Statement of responsibility, etc by Mrinalini Sarabhai
260 ## - PUBLICATION, DISTRIBUTION, ETC. (IMPRINT)
Place of publication, distribution, etc New Delhi
Name of publisher, distributor, etc Harper Collins Publishers
Date of publication, distribution, etc 2004
270 ## - ADDRESS
Address 1A hamilton house connaught place
City New Delhi
Postal code 110001
300 ## - PHYSICAL DESCRIPTION
Extent 316p.
Dimensions 21cm(Hb)
500 ## - GENERAL NOTE
General note Includes index
650 ## - SUBJECT ADDED ENTRY--TOPICAL TERM
Topical term or geographic name as entry element Classical music
9 (RLIN) 38069
650 ## - SUBJECT ADDED ENTRY--TOPICAL TERM
Topical term or geographic name as entry element Bharata natyam dancers
9 (RLIN) 73363
942 ## - ADDED ENTRY ELEMENTS (KOHA)
Source of classification or shelving scheme Dewey Decimal Classification
Koha item type English Books
Classification part 921
Call number suffix SAR
Holdings
Withdrawn status Lost status Damaged status Not for loan Home library Current library Date acquired Source of acquisition Cost, normal purchase price Total Checkouts Full call number Barcode Date last seen Date checked out Copy number Cost, replacement price Price effective from Koha item type
        Central Library Central Library 27/07/2015 Cen Lib/Ret 495.00 1 921 SAR B-163366 10/10/2018 25/09/2018 1 495.00 15/09/2016 English Books

© Delhi Public Library
Hit Counter
free hit counter